000 00652nam a2200205 a 4500
005 20140412111259.0
008 010419s19uu xx 00 eng d
020 _a971-19-0061-0
050 _aFil 398.2
_bVIL 1991
050 _aFil 398.2
_bV714 1991
100 _aVillanueva, Rene O.
245 _aAng unang baboy sa langit /
_cni Rene O. Villanueva ; illustrated by Ibarra C. Crisostomo.
260 _aPasig, Metro Manila :
_bCacho Publishing House,
_c1991.
300 _a1 v. (unp.) ; ill.
500 _aWinner 1990 Palanca Award
650 _aPigs stories
650 _aChildren's stories -Philippines
999 _c103305
_d103305